Provincias españolas con el mayor número de fronteras - Estadísticas

Estadísticas generales
  • Esta prueba ha sido intentada 1.891 veces
  • La puntuación promedio es 4 de 6
Estadísticas de respuestas
nº de fronteras Provincia % Correcto
7 León
82%
8 Burgos
79%
7 Valladolid
79%
7 Albacete
67%
8 Zaragoza
67%
7 Cuenca
64%
No se encontraron pruebas coincidentes
Distribución de puntuación
Porcentaje de gente con cada puntuación
Porcentaje por número respondido
Historial de tus puntuaciones
No has intentado esta prueba.